[Event "Guimaraes op"]
[Site "Guimaraes"]
[Date "2007.09.04"]
[Round "1"]
[White "Belsley, Alexandre"]
[Black "Torres Pena, Jose Carlos"]
[Result "0-1"]
[WhiteElo "1560"]
[BlackElo "2131"]
[PlyCount "108"]
[EventDate "2007.09.04"]
[EventType "swiss"]
[EventRounds "7"]
[EventCountry "POR"]
[SourceTitle "EXT 2009"]
[Source "ChessBase"]
[SourceDate "2008.11.26"]
[SourceVersion "1"]
[SourceVersionDate "2008.11.26"]
[SourceQuality "1"]

1. Nf3 Nf6 2. g3 g6 3. Bg2 Bg7 4. 0-0 0-0 5. d3 d5 6. Nbd2 c5 7. e4 Nc6 8. Re1 d4 9. a4 e5 10. Nc4 Qc7 11. Rf1 b6 12. Ne1 a6 13. f4 Bg4 14. Nf3 Nd7 15. Qe1 b5 16. Ncxe5 Ndxe5 17. Nxe5 Nxe5 18. fxe5 Bxe5 19. Bf4 f6 20. Qd2 g5 21. Bxe5 Qxe5 22. axb5 axb5 23. Rxa8 Rxa8 24. Qf2 Kg7 25. h3 Be6 26. g4 Ra2 27. Rb1 b4 28. b3 Kg6 29. Bf1 Qf4 30. Qxf4 gxf4 31. Rc1 f3 32. Kf2 Bxb3 33. Ke1 Rxc2 34. Rxc2 Bxc2 35. Kd2 Ba4 36. Kc1 Kg5 37. Kb2 h6 38. Kc1 Kf4 39. Kb2 Kg3 40. Kc1 Kf2 41. e5 fxe5 42. h4 Kxf1 43. g5 hxg5 44. hxg5 Be8 45. Kb2 Bf7 46. g6 Bg8 47. g7 Ke2 48. Kc2 f2 49. Kb2 f1Q 50. Kc2 Qe1 51. Kb2 Qc3+ 52. Kb1 c4 53. dxc4 b3 54. c5 Bh7# 0-1